| 000 | 00615nam a2200181 a 4500 | ||
|---|---|---|---|
| 008 | 120416s1979 ||||||||||||||||| || u | ||
| 020 | _a0116303468 | ||
| 050 | _aJF 1411 Gui | ||
| 110 | _aCivil Service Department | ||
| 245 | 1 | 0 | _aGuide for new managers |
| 246 | _aCivil Service Department | ||
| 260 |
_aLondon _bH.M.S.O _c1979 |
||
| 300 | _aiii, 34p. : ill | ||
| 350 | _a0.00 | ||
| 650 | _aPUBLIC SERVICE--ADMINISTRATION | ||
| 650 | _aADMINISTRATION | ||
| 995 |
_D0.00 _FCBU-MAIN LIBRARY (Kitwe) _H1 _I1.00 _M1 _UAVAILABLE _ZMain Library Open Access Collection |
||
| 999 |
_c45067 _d45067 |
||